| 000 | 00797nam a2200217 a 4500 | ||
|---|---|---|---|
| 001 | BRCA_8521 | ||
| 005 | 20190320210323.0 | ||
| 008 | 270716s2013----mx-a######---#000-0#spa-# | ||
| 041 | _aspa | ||
| 050 | 4 | _bC35 2013 | |
| 100 | 1 |
_aCalero Martínez de Irujo, Teresa _99980 |
|
| 245 | 1 | 0 |
_aLa presencia inglesa en el mobiliario novohispano a partir del navío de permiso 1713-1750. Una exposición titulada “A la manera inglesa _bla Nueva España en el siglo XVIII”. |
| 260 |
_aCiudad de México _c2013 |
||
| 300 |
_a135 h. _bil. _c29 cm. |
||
| 500 | _aEjemplar engargolado | ||
| 502 | _aTesis Maestría (Maestra en Historia) Universidad Iberoamericana | ||
| 650 | 1 | 4 |
_aMobiliario novohispano _94305 |
| 700 | 1 |
_aCorrea Etchegaray, Leonor _eDirector _921375 |
|
| 902 | _aTES | ||
| 942 |
_2lcc _cTES |
||
| 999 |
_c8187 _d8187 |
||